000 01219nam a2200337Ia 4500
001 Para_5594
003 CHAP
008 220125s2001 xx 000 0 und d
010 _a204061
040 _cCHAP
090 _aPA TESIS 1565
100 _aRodríguez López, Gilberto
_998640
245 _aInteracción de coberturas vivas y labranza en la dinámica poblacional de malezas en maíz (Zea mays L.), en Chapingo, México /
_c por Gilberto Rodríguez López y Oscar Sánchez Salmorán
260 _aChapingo
300 _a42 h.
502 _aTesis (Ing. Agr. Esp. en Parasitología Agrícola). UACh Departamento Parasitología Agrícola
650 _aLabranza cero
_964307
650 0 _aMaíz
_xCompetencia
_9170092
650 _aMaíz
_x malas hierbas
_xcontrol
_971003
650 _aMalas hierbas
_x competencia
_970009
650 _aMalas hierbas
_x control
_970011
700 _aSánchez Salmorán, Oscar
_9107834
710 _aUACh. Departamento Parasitología Agrícola
_9164025
901 _aPA TESIS 1565
902 _aA
905 _a0000002001 a 0000000000 00
910 _a2001
942 _cPARA
942 _cPARA
_d1
999 _c204061
_d204061